Italian culture in the industrial era.1880-1980 : cultural industries,politics,and the public
Αποθηκεύτηκε σε:
| Κύριος συγγραφέας: | |
|---|---|
| Μορφή: | Βιβλίο |
| Γλώσσα: | English |
| Δημοσίευση: |
Manchester and New York :
Manchester University Press,
1990
|
| Θέματα: | |
| Ετικέτες: |
Προσθήκη ετικέτας
Δεν υπάρχουν, Καταχωρήστε ετικέτα πρώτοι!
|
MARC
| LEADER | 00000nam a2200000 i 4500 | ||
|---|---|---|---|
| 001 | 1/93158 | ||
| 008 | 940414s1990 eng d | ||
| 020 | |a 0-7190-2812-4 | ||
| 035 | |l 10008734 | ||
| 040 | |a GR-MY-UA |b gre |e aacr | ||
| 041 | 0 | |a eng | |
| 082 | 0 | |a 945.09 | |
| 100 | 1 | |a Forgacs, David. | |
| 245 | 1 | 0 | |a Italian culture in the industrial era.1880-1980 : |b cultural industries,politics,and the public / |c David Forgacs |
| 260 | |a Manchester and New York : |b Manchester University Press, |c 1990 | ||
| 300 | |a 231 p. | ||
| 500 | |a Includes bibliographical references and index. | ||
| 650 | 0 | 0 | |a Politics and culture |z Italy. |
| 650 | 0 | 0 | |a Popular culture |z Italy |x History |y 20th century. |
| 650 | 0 | 0 | |a Popular culture |z Italy |x History |y 19th century. |
| 651 | 0 | |a Italy |x Politics and government |y 20th century. | |
| 852 | |a INST |b LESVOS |e 19940414 |h 945.09 FOR |p 005100005424 |q 005100005424 |t BK |y 0 | ||
| 909 | |a Λ |b 023298 | ||